000
00302nam a2200133Ia 4500
008
191201s2012 xx 000 0 und d
100
_a
HMT, Bangalore
245
0
_a
Production Technology
250
_a
Rep
260
_a
N. delhi
_b
TMH
_c
2012
300
_a
870
650
_a
B.Tech(ME)
942
_2
ddc
_c
BK
999
_c
5454
_d
5454